United States Presidents by Time in Office - Statistics

General Stats
  • This quiz has been taken 48 times
  • The average score is 21 of 44
Answer Stats
Placement Days in Office Answer % Correct
1 4,422 Franklin Roosevelt
100%
44 31 William Henry Harrison
72%
43 199 James A. Garfield
64%
2-13 (Tie) 2,922 Barack Obama
56%
2-13 (Tie) 2,922 Bill Clinton
56%
2-13 (Tie) 2,922 George W. Bush
56%
22-33 (Tie) 1,461 John Quincy Adams
56%
2-13 (Tie) 2,922 Ronald Reagan
56%
38 1,036 John F. Kennedy
53%
2-13 (Tie) 2,922 Thomas Jefferson
53%
21 1,503 Abraham Lincoln
50%
22-33 (Tie) 1,461 Donald Trump
50%
2-13 (Tie) 2,922 Dwight D. Eisenhower
50%
22-33 (Tie) 1,461 George H. W. Bush
50%
40 895 Gerald Ford
50%
15 2,840 Harry Truman
50%
22-33 (Tie) 1,461 Herbert Hoover
50%
2-13 (Tie) 2,922 James Madison
50%
2-13 (Tie) 2,922 James Monroe
50%
19 1,886 Lyndon B. Johnson
50%
20 1,654 William McKinley
50%
42 492 Zachary Taylor
50%
2-13 (Tie) 2,922 Andrew Jackson
47%
2-13 (Tie) 2,922 Grover Cleveland
47%
22-33 (Tie) 1,461 Jimmy Carter
47%
18 2,027 Richard Nixon
47%
2-13 (Tie) 2,922 Ulysses S. Grant
47%
22-33 (Tie) 1,461 William Howard Taft
47%
14 2,865 George Washington
44%
35 1,430 John Tyler
44%
16 2,728 Theodore Roosevelt
44%
2-13 (Tie) 2,922 Woodrow Wilson
44%
22-33 (Tie) 1,461 Benjamin Harrison
42%
17 2,041 Calvin Coolidge
42%
22-33 (Tie) 1,461 Martin Van Buren
42%
41 881 Warren G. Harding
42%
36 1,419 Andrew Johnson
39%
37 1,262 Chester A. Arthur
39%
22-33 (Tie) 1,461 Franklin Pierce
39%
22-33 (Tie) 1,461 James K. Polk
39%
22-33 (Tie) 1,461 James Buchanan
36%
34 1,460 John Adams
36%
22-33 (Tie) 1,461 Rutherford B. Hayes
33%
39 969 Millard Filmore
11%
No matching quizzes found
Score Distribution
Percent of People with Each Score
Percentile by Number Answered
Your Score History
You have not taken this quiz